000 00645nam a22002057a 4500
003 OSt
005 20251112134146.0
008 251112b |||||||| |||| 00| 0 eng d
020 _a978-981-4296-74-8.
040 _aDWCL-Admin lib
_cOC
082 _aCirc. 363.7 M648i 2011
100 _aMiller, G. Tyler, Jr.
245 _aIntroduction to environmental science /
_cTyler G. Miller, Jr.
260 _aSingapore ;
_bCengage Learning Asia Pte Ltd. ,
_cc2011
300 _a 746 p. : ill. ;
_c23 cm.
504 _aIncludes index.
650 _a1. Environmental sciences
700 _aSpoolman, Scott
942 _2ddc
_cBK-CIRC
_e2nd ed.
_kCirc.
_n0
999 _c5650
_d5650